00798nam a2200229 a 45000010005000000030008000050050017000130080041000300350018000710350018000890400054001070410008001610820024001691000016001932450151002092500013003602600071003733000033004445040039004776500021005167000031005379252BD-RjUL20211208234738.0170511s19501967ilua b 001 0 eng d a(BD-RjUL)9297 a(OCoLC)492700 aDLCcOKentUdOCoLCdFrPBISdUkdDLCdBD-RjULbeng aeng a539.7bORN 19672231 aOrear, Jay.00aNuclear physics :ba course given by Enrico Fermi at the University of Chicago. /cNotes compiled by Jay Orear, A.H. Rosenfeld, and R.A. Schluter. aRev. ed. aChicago :bUniversity of Chicago Press ,cc1950 [impression 1967]. aix, 248 p. :bill. ;c24 cm. aIncludes bibliographies and index. 0aNuclear physics.1 aFermi, Enrico,d1901-1954.